Statistiques concernant 15 principaux pays touchés par Covid-19 - 6 mai

Cliquez ici pour prendre le quiz!

Statistiques générales

  • Ce quiz a été pris 27 fois
  • Le résultat moyen est 15 sur 24

Statistiques - réponses

pays% Correct
Chine
100%
France
100%
Espagne
92%
Etats-Unis
92%
Italie
88%
Royaume-Uni
88%
Canada
84%
Allemagne
80%
Brésil
80%
Russie
80%
Belgique
76%
Portugal
72%
Inde
60%
Iran
56%
Pays-Bas
56%
Suisse
56%
Irlande
44%
Suède
44%
Turquie
40%
Pérou
28%
Singapour
16%
Qatar
12%
Bahreïn
8%
Biélorussie
0%

Distribution des résultats

Percentile par nombre de réponses

% des personnes avec chaque résultat

Votre développement - résultats

Vous n’avez pas pris ce quiz